000 00747nam a2200229 u 4500
005 20210223132916.0
008 160512s2013 r 000 0 eng d
020 _a9789876910033
035 _aUPN01000210283
040 _aCG
050 4 _aF1221 T8
_bG8.2
100 1 _aGuber, Rosana
_939158
245 1 3 _aLa articulación etnográfica :
_bdescubrimiento y trabajo de campo en la investigación de Esther Hermitte /
_cRosana Guber.
260 _aBuenos Aires :
_bBiblos,
_c2013.
300 _a337 p. :
_bil.
440 0 _aCulturalia
650 4 _aTZELTALES -
_xINVESTIGACION -
_zMEXICO
_925045
650 4 _aETNOLOGIA -
_xTRABAJO DE CAMPO
_925047
600 1 4 _aHERMITTE, MARIA ESTHER,
_d1917-1992
_925046
905 _aLibro
999 _c182384
_d182384